<?xml version="1.0" encoding="UTF-8"?>
<collection xmlns="http://www.loc.gov/MARC21/slim">
 <record>
  <leader>     na                 </leader>
  <controlfield tag="001">INLIS000000000000272</controlfield>
  <controlfield tag="005">20220330103321</controlfield>
  <datafield tag="035" ind1=" " ind2=" ">
   <subfield code="a">0010-0322000271</subfield>
  </datafield>
  <controlfield tag="007">ta</controlfield>
  <controlfield tag="008">220330                d          f ind  </controlfield>
  <datafield tag="020" ind1=" " ind2=" ">
   <subfield code="a">978-979-063-379-7</subfield>
  </datafield>
  <datafield tag="082" ind1=" " ind2=" ">
   <subfield code="a">899.221.3</subfield>
  </datafield>
  <datafield tag="084" ind1=" " ind2=" ">
   <subfield code="a">899.221.3 GOL s</subfield>
  </datafield>
  <datafield tag="100" ind1="0" ind2=" ">
   <subfield code="a">Gol A Gong &amp; Langlang Ramadhawa</subfield>
  </datafield>
  <datafield tag="245" ind1="1" ind2=" ">
   <subfield code="a">Sabar Membawa Memar :</subfield>
   <subfield code="b">- /</subfield>
   <subfield code="c">Gol A Gong &amp; Langlang Ramadhawa</subfield>
  </datafield>
  <datafield tag="250" ind1=" " ind2=" ">
   <subfield code="a">Cet. 1</subfield>
  </datafield>
  <datafield tag="260" ind1=" " ind2=" ">
   <subfield code="a">Jakarta :</subfield>
   <subfield code="b">Bestari (Anggota IKAPI),</subfield>
   <subfield code="c">2012</subfield>
  </datafield>
  <datafield tag="300" ind1=" " ind2=" ">
   <subfield code="a">160 hlm :</subfield>
   <subfield code="b">Ilus. Sugeng Supriyadi ;</subfield>
   <subfield code="c">14 x 20,5 cm</subfield>
   <subfield code="e">-</subfield>
  </datafield>
  <datafield tag="700" ind1="0" ind2=" ">
   <subfield code="a">Intan &amp; Endah H.S</subfield>
  </datafield>
  <datafield tag="520" ind1=" " ind2=" ">
   <subfield code="a">-</subfield>
  </datafield>
  <datafield tag="600" ind1=" " ind2="4">
   <subfield code="a">Gol A Gong &amp; Langlang Ramadhawa</subfield>
  </datafield>
  <datafield tag="856" ind1=" " ind2=" ">
   <subfield code="a">-</subfield>
  </datafield>
  <datafield tag="990" ind1=" " ind2=" ">
   <subfield code="a">1091</subfield>
  </datafield>
  <datafield tag="990" ind1=" " ind2=" ">
   <subfield code="a">1092</subfield>
  </datafield>
 </record>
</collection>
